| 000 | 00569nam a2200205 i 4500 | ||
|---|---|---|---|
| 001 | 113704 | ||
| 003 | ES-MaACL | ||
| 005 | 20230906190000.0 | ||
| 007 | t| | ||
| 008 | 061121s1972 xxu 0001p spa | ||
| 080 | _a860(729.1)-14"19" | ||
| 100 | 1 |
_aPalenzuela, Fernando. _988544 |
|
| 245 | 1 | 0 |
_aAmuletos del sueño : _b(1958-1962) / _cFernando Palenzuela. |
| 260 |
_aMiami (Florida) : _bUniversal, _c1972. |
||
| 300 |
_a57 p. ; _c23 cm. |
||
| 490 | 1 | _aAlacrán azul | |
| 830 | 1 |
_aAlacrán azul _9233211 |
|
| 852 | 4 |
_aES-MaACL _jC-42982 |
|
| 999 |
_c113704 _d113704 |
||